UBT Library

Finanzmarktstärkung in Europa = (Record no. 261)

000 -LEADER
fixed length control field 01514cam a22003734a 4500
005 - DATE AND TIME OF LATEST TRANSACTION
control field 20131111082943.0
008 - FIXED-LENGTH DATA ELEMENTS--GENERAL INFORMATION
fixed length control field 090327s2008 au l 001 0 ger
020 ## - INTERNATIONAL STANDARD BOOK NUMBER
International Standard Book Number 9789050958745
020 ## - INTERNATIONAL STANDARD BOOK NUMBER
International Standard Book Number 9050958745
020 ## - INTERNATIONAL STANDARD BOOK NUMBER
International Standard Book Number 9783830516071
020 ## - INTERNATIONAL STANDARD BOOK NUMBER
International Standard Book Number 383051607X
020 ## - INTERNATIONAL STANDARD BOOK NUMBER
International Standard Book Number 9783708305783
020 ## - INTERNATIONAL STANDARD BOOK NUMBER
International Standard Book Number 3708305787
041 0# - LANGUAGE CODE
Language code of text/sound track or separate title ger
-- eng
-- fre
-- ita
-- scr
-- bul
-- dut
-- nor
-- pol
-- rus
-- swe
-- hun
-- spa
-- cze
080 ## - UNIVERSAL DECIMAL CLASSIFICATION NUMBER
Universal Decimal Classification number 336
Common auxiliary subdivision (4)
100 1# - Rafti
Rafti Eder, Stefan.
245 10 - TITLE STATEMENT
Title Finanzmarktstärkung in Europa =
Statement of responsibility, etc von Stefan Eder, Johannes Hörl, Andreas Winkler.
246 31 - VARYING FORM OF TITLE
Title proper/short title Stabilising the financial markets in Europe
250 ## -
-- Stand: 13.11.2008.
260 ## -
-- Mortsel :
-- Intersentia,
-- 2008.
300 ## -
-- 564 p. ;
-- 22 cm.
490 0# -
-- Recht
490 0# -
-- Kommentar
500 ## -
-- Vorwort : f. 5-7
500 ## -
-- Preface : f. 8-10
500 ## -
-- Includes index.
546 ## -
-- Multiple languages.
650 #0 -
-- Financa
-- Europa
650 #0 -
-- Financa
-- Ligji dhe legjislacioni
-- Europa
700 1# -
-- Hörl, Johannes.
700 1# -
-- Winkler, Andreas,
-- Dr.
856 4# -
-- text/html
-- http://deposit.d-nb.de/cgi-bin/dokserv?id=3188396&prov=M&dok%5Fvar=1&dok%5Fext=htm
-- Inhaltstext
942 ## - ADDED ENTRY ELEMENTS (KOHA)
Source of classification or shelving scheme
Item type Books
Holdings
Withdrawn status Lost status Source of classification or shelving scheme Damaged status Not for loan Collection code Permanent location Current location Shelving location Date acquired Total Checkouts Full call number Barcode Date last seen Koha item type
          Koleksioni i përgjithshem UBT - Prishtine UBT - Prishtine Koleksioni i përgjithshem 11/11/2013   336(4) STA 001-000306 11/11/2013 Books
UBT Library © 2015-2024. All rights reserved University Education for Business and Technology